| 000 | 00322nam a2200109Ia 4500 | ||
|---|---|---|---|
| 008 | 190912s9999||||xx |||||||||||||| ||und|| | ||
| 100 | _aWorld Executive's Digest | ||
| 245 | 0 | _aHandbook For Mangerial Excellence 7 effective power tools for excutives | |
| 260 |
_aSingapore _bPrentice Hall _c1997 |
||
| 300 | _a225 | ||
| 942 | _cBK | ||
| 999 |
_c7745 _d7745 |
||